Statistics for Every Asian Country Shape - Random Order

Click here to take the quiz!

General Stats

  • This quiz has been taken 22 times
  • The average score is 42 of 48

Answer Stats

Answer% Correct
Indonesia
100%
Mongolia
100%
Myanmar
100%
Nepal
100%
Sri Lanka
100%
Turkey
100%
Vietnam
100%
Afghanistan
90%
Armenia
90%
Azerbaijan
90%
Bangladesh
90%
Cyprus
90%
India
90%
Israel
90%
Japan
90%
Jordan
90%
Kazakhstan
90%
Kuwait
90%
Kyrgyzstan
90%
Laos
90%
Lebanon
90%
Maldives
90%
Oman
90%
Pakistan
90%
Philippines
90%
South Korea
90%
Tajikistan
90%
Yemen
90%
Bahrain
80%
Bhutan
80%
Brunei
80%
Cambodia
80%
China
80%
East Timor
80%
Georgia
80%
Iran
80%
Iraq
80%
Malaysia
80%
North Korea
80%
Qatar
80%
Saudi Arabia
80%
Singapore
80%
Syria
80%
Taiwan
80%
Thailand
80%
Turkmenistan
80%
United Arab Emirates
80%
Uzbekistan
80%

Score Distribution

Percentile by Number Answered

Percent of People with Each Score

Your Score History

You have not taken this quiz